| 000 | 00547nmm a22001697a 4500 | ||
|---|---|---|---|
| 003 | OSt | ||
| 005 | 20240516154106.0 | ||
| 008 | 240516b |||||||| |||| 00| 0 eng d | ||
| 040 | _cMRSPTU | ||
| 100 | _aMichael Papazoglou | ||
| 245 | _aWeb Services and SOA : Principles and Technology | ||
| 250 | _a2nd | ||
| 260 |
_aNew Delhi _bPearson _c2011 |
||
| 600 | _2Computer Science | ||
| 856 |
_3Click here to access the e-book _uhttps://ebookcentral.proquest.com/lib/gzsptuc/detail.action?docID=5136962&query=Web+Services+and+SOA |
||
| 942 |
_2ddc _cEB _n1 |
||
| 999 |
_c10304 _d10304 |
||